| 000 | 01364cam a22003854i 4500 | ||
|---|---|---|---|
| 003 | PE-LiUPU | ||
| 005 | 20250731183403.0 | ||
| 008 | 150623s1982 miua r 000 0 eng d | ||
| 020 | _a0825434165 | ||
| 035 | _a(Sirsi) i9780825434167 | ||
| 040 |
_aPE-LiUPU _bspa _cPE-LiUPU _erda |
||
| 049 | _aPRUA | ||
| 082 | 0 | 4 |
_a783 _bO76C _221 |
| 100 | 1 |
_aOsbeck, Kenneth W., _eautor. |
|
| 245 | 1 | 0 |
_a101 hymn stories / _cpor Kenneth W. Osbeck. |
| 246 | 3 | _aOne hundred one hymn stories | |
| 264 | 1 |
_aGrand Rapids, Michigan : _bKregel Publications, _c1982. |
|
| 300 |
_a288 páginas : _bilustraciones ; _c22 centímetros |
||
| 336 |
_atext _2rdacontent |
||
| 337 |
_aunmediated _2rdamedia |
||
| 338 |
_avolume _2rdacarrier |
||
| 505 | 0 | _a101 selected favorite hymns. | |
| 526 | _aP158 | ||
| 526 | _aP146 | ||
| 526 | _aP17 | ||
| 526 | _aP12 | ||
| 526 | _aP06 | ||
| 650 | 0 | 4 |
_aHimnos religiosos, Inglés _xHistoria y crítica. |
| 942 |
_2ddc _cBOOK |
||
| 949 |
_a783 O76C _wDEWEY _c1 _i48160 _lCCODEBUL1 _mBUL _r0 _sY _tBOOK _u2015-6-24 _xTEOLOGIA _PP35 _0COMPRA _o.STAFF. Colección General |
||
| 994 |
_aC0 _bPEPRU |
||
| 596 | _a1 | ||
| 999 |
_a783 O76C _wDEWEY _c25134 _i48160 _d25134 _f2021-11-11 _g5 _lCCODEBUL1 _mBUL _p13.54 _q1 _r0 _sY _tBOOK _u2015-6-24 _xTEOLOGIA _PP35 _0COMPRA _o.STAFF. Colección Teología |
||
| 980 |
_81 _gALBERTO SANCHEZ Responsable de Automatización |
||